[Event "BRA-ch 90th"]
[Site "Natal"]
[Date "2024.12.20"]
[Round "10"]
[White "De Lima, Carlos Alexandre"]
[Black "Da Silva Borges, Rodrigo"]
[Result "0-1"]
[WhiteElo "2044"]
[BlackElo "2158"]
[PlyCount "68"]
[EventDate "2024.12.13"]
[EventType "swiss"]
[EventRounds "11"]
[EventCountry "BRA"]
[SourceTitle "CB52_2024"]
[SourceDate "2024.12.25"]
[SourceVersion "1"]
[SourceVersionDate "2024.12.25"]
[SourceQuality "1"]

1. e4 c6 2. d4 d5 3. exd5 cxd5 4. Nf3 Nc6 5. Bd3 Bg4 6. c3 Qc7 7. 0-0 e6 8. Bg5 f6 9. Bh4 e5 10. dxe5 fxe5 11. Be2 e4 12. Re1 Nge7 13. Nd4 Bxe2 14. Qxe2 Nxd4 15. cxd4 Nf5 16. Qg4 Nxh4 17. Qxh4 Bb4 18. Nc3 Bxc3 19. Rac1 0-0 20. bxc3 Rf4 21. Qg3 Raf8 22. Rc2 b5 23. h3 R8f6 24. a4 Rg6 25. Qe3 Rf3 26. Qe2 Rxh3 27. Qxb5 Qh2+ 28. Kf1 Qxg2+ 29. Ke2 Qf3+ 30. Kd2 Qf4+ 31. Ke2 Qg4+ 32. Kd2 Rd3+ 33. Kc1 Qg5+ 34. Re3 Qg1+ 0-1

[Event "BRA-ch 90th"]
[Site "Natal"]
[Date "2024.12.17"]
[Round "7"]
[White "De Lima, Carlos Alexandre"]
[Black "Starke, Bruno Orlando"]
[Result "0-1"]
[WhiteElo "2044"]
[BlackElo "2147"]
[PlyCount "78"]
[EventDate "2024.12.13"]
[EventType "swiss"]
[EventRounds "11"]
[EventCountry "BRA"]
[SourceTitle "CB52_2024"]
[SourceDate "2024.12.25"]
[SourceVersion "1"]
[SourceVersionDate "2024.12.25"]
[SourceQuality "1"]

1. e4 c5 2. Nf3 Nc6 3. d4 cxd4 4. Nxd4 e5 5. Nb5 d6 6. N1c3 a6 7. Na3 Be7 8. Be2 b5 9. Nd5 Nf6 10. Be3 Nxd5 11. exd5 Nd4 12. Bxd4 exd4 13. Qxd4 0-0 14. Qd2 Bg5 15. Qd1 Bf6 16. c3 b4 17. Nb1 Qb6 18. Qd2 Rb8 19. 0-0 Re8 20. Bd3 bxc3 21. Nxc3 Qxb2 22. Rae1 Bd7 23. Rxe8+ Bxe8 24. Qxb2 Rxb2 25. Ne4 Be5 26. Re1 Bb5 27. Bb1 f5 28. Ng5 Bd4 29. Nh3 g6 30. Rc1 Bc3 31. g3 Bd2 32. Rc8+ Kg7 33. Bc2 Rxa2 34. f4 Be3+ 35. Kg2 Bc5 36. Rc7+ Kf8 37. Ng5 Rxc2+ 38. Kh1 Rc1+ 39. Kg2 Bf1+ 0-1

[Event "Barra de Sao Miguel op"]
[Site "Barra de Sao Miguel"]
[Date "2019.10.13"]
[Round "7"]
[White "De Lima, Carlos Alexandre"]
[Black "Oliveira, Ornan Filipe de Ara"]
[Result "1-0"]
[WhiteElo "2044"]
[BlackElo "2035"]
[PlyCount "89"]
[EventDate "2019.10.10"]
[EventType "swiss"]
[EventRounds "7"]
[EventCountry "BRA"]
[SourceTitle "CBM 192 Extra"]
[Source "Chessbase"]
[SourceDate "2019.11.06"]
[SourceVersion "1"]
[SourceVersionDate "2019.11.06"]
[SourceQuality "1"]

1. e4 e5 2. f4 exf4 3. Nf3 g5 4. Bc4 g4 5. 0-0 gxf3 6. Qxf3 Qf6 7. e5 Qxe5 8. d3 Bh6 9. Bd2 Qc5+ 10. Kh1 Qf5 11. Bc3 Nf6 12. Re1+ Kf8 13. Nd2 d6 14. Qe2 Nc6 15. b4 Bd7 16. b5 Re8 17. Qf3 Rg8 18. Bxf6 Qxf6 19. bxc6 Bxc6 20. Rxe8+ Bxe8 21. Re1 Bc6 22. Bd5 Qc3 23. Bxc6 bxc6 24. Qe2 Qe5 25. Qxe5 dxe5 26. Rxe5 Rg6 27. Ra5 Re6 28. Nf3 Re2 29. Rc5 Bg7 30. Rxc6 Be5 31. Kg1 Bd6 32. a4 Re8 33. c4 Rc8 34. d4 Ba3 35. Ra6 Ra8 36. Kf2 Bc1 37. Ke2 Be3 38. Kd3 Ke8 39. Ne5 c5 40. d5 Rb8 41. Rxa7 Rb2 42. Ke4 Rxg2 43. d6 f5+ 44. Kxf5 Kf8 45. Kf6 1-0

[Event "Agua Preta op"]
[Site "Agua Preta"]
[Date "2017.11.24"]
[Round "1"]
[White "Marinho, Daiana Cruz"]
[Black "De Lima, Carlos Alexandre"]
[Result "0-1"]
[WhiteElo "1196"]
[BlackElo "2055"]
[PlyCount "70"]
[EventDate "2017.11.24"]
[EventType "swiss"]
[EventRounds "6"]
[EventCountry "BRA"]
[SourceTitle "CBM 181 Extra"]
[Source "ChessBase"]
[SourceDate "2017.12.12"]
[SourceVersion "1"]
[SourceVersionDate "2017.12.12"]
[SourceQuality "1"]

1. Nf3 d6 2. g3 c5 3. Bg2 Nc6 4. c3 e5 5. e4 Bg4 6. 0-0 Qd7 7. Re1 0-0-0 8. Na3 f6 9. d3 g5 10. Nc4 h5 11. Qd2 h4 12. gxh4 gxh4 13. Re3 Bh6 14. b4 cxb4 15. cxb4 Qg7 16. Kf1 Nge7 17. Qc3 Kb8 18. h3 Bxf3 19. Rxf3 Rhg8 20. Bxh6 Qxg2+ 21. Ke2 Nd4+ 22. Qxd4 exd4 23. Bf4 Nc8 24. a4 f5 25. e5 dxe5 26. Bxe5+ Ka8 27. Rxf5 Qxh3 28. Rf3 Qg4 29. Bf6 Rde8+ 30. Ne5 Rgf8 31. Kd2 Rxe5 32. Bxe5 Qxf3 33. Bxd4 Rd8 34. Kc3 Rxd4 35. Kxd4 Qf6+ 0-1

[Event "Joao Pessoa Fischer Memorial 7th"]
[Site "Joao Pessoa"]
[Date "2016.03.13"]
[Round "5"]
[White "De Lima, Carlos Alexandre"]
[Black "Araujo, Jose Roberto"]
[Result "1/2-1/2"]
[WhiteElo "2042"]
[BlackElo "2163"]
[PlyCount "20"]
[EventDate "2016.03.11"]
[EventType "swiss"]
[EventRounds "6"]
[EventCountry "BRA"]
[SourceTitle "CBM 171 Extra"]
[Source "ChessBase"]
[SourceDate "2016.04.26"]
[SourceVersion "1"]
[SourceVersionDate "2016.04.26"]
[SourceQuality "1"]

1. e4 e6 2. d4 d5 3. exd5 exd5 4. Nf3 Nf6 5. Bd3 Bd6 6. 0-0 0-0 7. Bg5 h6 8. Bh4 Nbd7 9. Nbd2 Re8 10. c3 c6 1/2-1/2

[Event "Joao Pessoa Fischer Memorial 7th"]
[Site "Joao Pessoa"]
[Date "2016.03.11"]
[Round "2"]
[White "De Lima, Carlos Alexandre"]
[Black "Brito, Luismar"]
[Result "1/2-1/2"]
[WhiteElo "2042"]
[BlackElo "2232"]
[PlyCount "123"]
[EventDate "2016.03.11"]
[EventType "swiss"]
[EventRounds "6"]
[EventCountry "BRA"]
[SourceTitle "CBM 171 Extra"]
[Source "ChessBase"]
[SourceDate "2016.04.26"]
[SourceVersion "1"]
[SourceVersionDate "2016.04.26"]
[SourceQuality "1"]

1. e4 c5 2. Nf3 d6 3. d4 cxd4 4. Nxd4 Nf6 5. Nc3 a6 6. Be2 e6 7. 0-0 Qc7 8. Be3 Be7 9. f4 Nc6 10. Nb3 b5 11. a3 Bb7 12. Bd3 h5 13. h3 h4 14. Qe1 Nh5 15. Ne2 Bf6 16. c3 g6 17. a4 bxa4 18. Rxa4 a5 19. Qf2 Ba6 20. Bxa6 Rxa6 21. Nbd4 Nxd4 22. Bxd4 e5 23. fxe5 dxe5 24. Bc5 Bd8 25. b4 Rf6 26. Qe3 Rxf1+ 27. Kxf1 Qc6 28. Ra1 Qb5 29. Ke1 Nf6 30. Rd1 Qc6 31. Qd3 Bc7 32. Bd6 axb4 33. Bxc7 Qxc7 34. cxb4 0-0 35. Nc3 Qb6 36. Kf1 Qxb4 37. Nd5 Nxd5 38. exd5 e4 39. Qe3 Rd8 40. Rd4 Qb5+ 41. Kg1 Rxd5 42. Qxe4 Rxd4 43. Qxd4 Qb1+ 44. Kh2 Qb8+ 45. Kg1 Qg3 46. Qd8+ Kg7 47. Qd4+ f6 48. Qb4 Qe3+ 49. Kh2 g5 50. Qb7+ Kg6 51. Qd7 Qe5+ 52. Kh1 f5 53. Qc8 f4 54. Qg8+ Kf5 55. Qh7+ Ke6 56. Qg8+ Kd6 57. Qb8+ Kd5 58. Qb5+ Kd4 59. Qb2+ Ke4 60. Qe2+ Kf5 61. Qd3+ Kf6 62. Qd8+ 1/2-1/2

[Event "Recife Regiao op"]
[Site "Recife"]
[Date "2014.11.01"]
[Round "5"]
[White "De Lima, Carlos Alexandre"]
[Black "Aguiar, Jarbas Souza"]
[Result "1-0"]
[WhiteElo "2094"]
[BlackElo "1748"]
[PlyCount "71"]
[EventDate "2014.10.30"]
[EventType "swiss"]
[EventRounds "7"]
[EventCountry "BRA"]
[SourceTitle "EXT 2015"]
[Source "ChessBase"]
[SourceDate "2014.11.20"]
[SourceVersion "1"]
[SourceVersionDate "2014.11.20"]
[SourceQuality "1"]

1. e4 e5 2. f4 d6 3. Nf3 Nc6 4. Bc4 Bg4 5. d3 Nd4 6. Nbd2 exf4 7. 0-0 b5 8. Bb3 Nf6 9. e5 Nxb3 10. axb3 dxe5 11. Qe1 Bxf3 12. Nxf3 Ng4 13. Nxe5 Qd4+ 14. Kh1 Qxe5 15. Qh4 Ne3 16. Rxf4 Nxg2 17. Kxg2 Be7 18. Re4 Bxh4 19. Rxe5+ Kd7 20. Rxb5 Rhe8 21. c4 h6 22. b4 Re1 23. Rd5+ Ke6 24. b5 Bg5 25. Ra6+ Ke7 26. Bxg5+ hxg5 27. Rxg5 Re2+ 28. Kg1 Rxb2 29. Rxg7 Rd2 30. Rg3 f5 31. Rc6 Rc8 32. Rg7+ Kf8 33. Rcxc7 Rxc7 34. Rxc7 Rxd3 35. Rxa7 Rc3 36. b6 1-0

[Event "Recife Regiao op"]
[Site "Recife"]
[Date "2014.11.01"]
[Round "6"]
[White "Galindo, Tome H Brasil"]
[Black "De Lima, Carlos Alexandre"]
[Result "1-0"]
[WhiteElo "2053"]
[BlackElo "2094"]
[PlyCount "91"]
[EventDate "2014.10.30"]
[EventType "swiss"]
[EventRounds "7"]
[EventCountry "BRA"]
[SourceTitle "EXT 2015"]
[Source "ChessBase"]
[SourceDate "2014.11.20"]
[SourceVersion "1"]
[SourceVersionDate "2014.11.20"]
[SourceQuality "1"]

1. d4 d6 2. Nf3 Nf6 3. c4 c6 4. Nc3 Bg4 5. e3 Nbd7 6. Be2 e5 7. 0-0 Be7 8. b3 0-0 9. Bb2 Qc7 10. dxe5 dxe5 11. Qc2 Rfe8 12. Rfd1 Bh5 13. Nh4 Ng4 14. Nf5 e4 15. g3 Nde5 16. Nxe4 Bg6 17. Nxe7+ Rxe7 18. Bxg4 Nxg4 19. Qc3 f6 20. Nd6 c5 21. Rd5 a6 22. Rad1 Qc6 23. Qd2 Rf8 24. b4 cxb4 25. Qxb4 Rd7 26. c5 h5 27. e4 a5 28. Qd2 Rfd8 29. f3 Nh6 30. Bxf6 Rf8 31. Bg5 Nf7 32. Qe3 b6 33. Nxf7 Rdxf7 34. Rd6 Qa4 35. Qb3 Qe8 36. Rxg6 Kh7 37. Rxb6 Rxf3 38. Qe6 Qa4 39. Rb3 Rf2 40. Be3 Qxa2 41. Bxf2 Rxf2 42. Qh3 g6 43. g4 Rf4 44. gxh5 Qf2+ 45. Kh1 Rh4 46. hxg6+ 1-0

[Event "Recife Regiao op"]
[Site "Recife"]
[Date "2014.10.30"]
[Round "1"]
[White "De Lima, Carlos Alexandre"]
[Black "Azevedo, Eduardo Jose E"]
[Result "1-0"]
[WhiteElo "2094"]
[BlackElo "1820"]
[PlyCount "69"]
[EventDate "2014.10.30"]
[EventType "swiss"]
[EventRounds "7"]
[EventCountry "BRA"]
[SourceTitle "EXT 2015"]
[Source "ChessBase"]
[SourceDate "2014.11.20"]
[SourceVersion "1"]
[SourceVersionDate "2014.11.20"]
[SourceQuality "1"]

1. e4 d6 2. d4 Nf6 3. f3 d5 4. e5 Ng8 5. Bd3 c5 6. c3 Nc6 7. Ne2 e6 8. 0-0 Nge7 9. f4 c4 10. Bc2 g6 11. Nd2 Nf5 12. Nf3 h5 13. b3 b5 14. a4 bxa4 15. bxc4 a3 16. cxd5 exd5 17. Ba4 Bd7 18. c4 dxc4 19. d5 Bc5+ 20. Kh1 Na5 21. Nc3 Nb3 22. Bxd7+ Qxd7 23. Ne4 Be7 24. Bxa3 Ne3 25. Qe2 Nxf1 26. Nf6+ Bxf6 27. exf6+ Kd8 28. Be7+ Ke8 29. Rxf1 Rc8 30. d6 Rc5 31. Ne5 Rxe5 32. fxe5 Qe6 33. Qe4 Qc8 34. e6 Nd2 35. d7+ 1-0

[Event "Recife Regiao op"]
[Site "Recife"]
[Date "2014.10.30"]
[Round "2"]
[White "Macedo, Maximo Iack Miranda"]
[Black "De Lima, Carlos Alexandre"]
[Result "1-0"]
[WhiteElo "2336"]
[BlackElo "2094"]
[PlyCount "79"]
[EventDate "2014.10.30"]
[EventType "swiss"]
[EventRounds "7"]
[EventCountry "BRA"]
[SourceTitle "EXT 2015"]
[Source "ChessBase"]
[SourceDate "2014.11.20"]
[SourceVersion "1"]
[SourceVersionDate "2014.11.20"]
[SourceQuality "1"]

1. d4 d6 2. Nf3 Nf6 3. Bf4 c6 4. e3 Bg4 5. Nbd2 Nbd7 6. h3 Bh5 7. Be2 Qc7 8. 0-0 h6 9. Bh2 g5 10. c4 g4 11. hxg4 Nxg4 12. Bg3 Rg8 13. Bh4 Bg7 14. Ne4 Bg6 15. Nc3 Bf6 16. Bg3 Bh7 17. Qd2 0-0-0 18. b4 Rg7 19. b5 e5 20. bxc6 bxc6 21. Rfc1 Rdg8 22. Bf1 h5 23. Nd5 cxd5 24. cxd5 Nc5 25. dxc5 dxc5 26. Rxc5 Qxc5 27. Rc1 Qxc1 28. Qxc1+ Kd8 29. d6 Kd7 30. Bb5+ Ke6 31. Qc4+ Kf5 32. Qd3+ Ke6 33. e4 Bd8 34. Nxe5 Nxe5 35. Qd5+ Kf6 36. Qxe5+ Kg6 37. Qf5+ Kh6 38. Bf4+ Bg5 39. Qf6+ Bg6 40. Qxg5+ 1-0

[Event "American Continental 10th"]
[Site "Praia da Pipa"]
[Date "2014.10.26"]
[Round "11"]
[White "Leao, Flavio Sanchez"]
[Black "De Lima, Carlos Alexandre"]
[Result "0-1"]
[WhiteElo "1847"]
[BlackElo "2094"]
[PlyCount "82"]
[EventDate "2014.10.18"]
[EventType "swiss"]
[EventRounds "11"]
[EventCountry "BRA"]
[SourceTitle "EXT 2015"]
[Source "ChessBase"]
[SourceDate "2014.11.20"]
[SourceVersion "1"]
[SourceVersionDate "2014.11.20"]
[SourceQuality "1"]

1. e4 d6 2. d4 Nf6 3. Bd3 e5 4. dxe5 dxe5 5. Nf3 Bg4 6. Bb5+ c6 7. Qxd8+ Kxd8 8. Nxe5 cxb5 9. Nxf7+ Ke8 10. Nxh8 Nc6 11. c3 Bc5 12. f3 Be6 13. Bg5 Kd7 14. Nd2 Rxh8 15. Nb3 Bb6 16. 0-0-0+ Ke7 17. Nd4 Nxd4 18. cxd4 Bxa2 19. e5 Rc8+ 20. Kd2 Bxd4 21. exf6+ gxf6 22. Be3 Bxb2 23. Bxa7 b4 24. Rhe1+ Kf7 25. Ke3 Bc3 26. Re2 Re8+ 27. Kf2 Rxe2+ 28. Kxe2 Bc4+ 29. Ke3 b3 30. Rd7+ Ke6 31. Rxb7 Kd5 32. g4 Kc6 33. Rxb3 Bxb3 34. Bd4 Bxd4+ 35. Kxd4 Kd6 36. f4 Ke6 37. h4 Bd1 38. f5+ Kf7 39. g5 Bc2 40. Ke3 fxg5 41. hxg5 Bxf5 0-1

[Event "American Continental 10th"]
[Site "Praia da Pipa"]
[Date "2014.10.25"]
[Round "10"]
[White "De Lima, Carlos Alexandre"]
[Black "Vasconcelos, Paulo Cesar da S"]
[Result "1/2-1/2"]
[WhiteElo "2094"]
[BlackElo "1844"]
[PlyCount "104"]
[EventDate "2014.10.18"]
[EventType "swiss"]
[EventRounds "11"]
[EventCountry "BRA"]
[SourceTitle "EXT 2015"]
[Source "ChessBase"]
[SourceDate "2014.11.20"]
[SourceVersion "1"]
[SourceVersionDate "2014.11.20"]
[SourceQuality "1"]

1. e4 c5 2. Nf3 Nc6 3. d4 cxd4 4. Nxd4 d6 5. Nc3 Nf6 6. Be2 g6 7. Be3 Bg7 8. Qd2 0-0 9. 0-0-0 Nxd4 10. Bxd4 Be6 11. Kb1 Qc7 12. f3 Rfc8 13. g4 Qa5 14. g5 Ne8 15. h4 b5 16. Nd5 Qxd2 17. Rxd2 Bxd5 18. exd5 Bxd4 19. Rxd4 a6 20. h5 f5 21. gxf6 Nxf6 22. hxg6 hxg6 23. Bf1 Rc5 24. Bh3 Kg7 25. Be6 Rf8 26. f4 Nh5 27. Rh4 Rc4 28. Rxc4 bxc4 29. f5 Kh6 30. Kc1 gxf5 31. Kd2 f4 32. Ke2 Kg5 33. Rg4+ Kf6 34. Kf3 Rh8 35. Rh4 Kg7 36. c3 Rh6 37. Bc8 Nf6 38. Rxh6 Kxh6 39. Kxf4 Nxd5+ 40. Ke4 Nc7 41. Kd4 e5+ 42. Kxc4 Kg5 43. Bh3 Kf4 44. Kb4 e4 45. Ka5 Kg3 46. Bf5 e3 47. Bd3 Kf2 48. Kb6 Ne6 49. Kc6 Nc5 50. Bc4 Na4 51. Bxa6 Nxb2 52. Kxd6 Na4 1/2-1/2

[Event "American Continental 10th"]
[Site "Praia da Pipa"]
[Date "2014.10.22"]
[Round "6"]
[White "De Lima, Carlos Alexandre"]
[Black "De Lima, Alan Silva"]
[Result "0-1"]
[WhiteElo "2094"]
[BlackElo "1904"]
[PlyCount "96"]
[EventDate "2014.10.18"]
[EventType "swiss"]
[EventRounds "11"]
[EventCountry "BRA"]
[SourceTitle "EXT 2015"]
[Source "ChessBase"]
[SourceDate "2014.11.20"]
[SourceVersion "1"]
[SourceVersionDate "2014.11.20"]
[SourceQuality "1"]

1. e4 c5 2. Nf3 g6 3. d4 cxd4 4. Nxd4 Bg7 5. Nc3 d6 6. Be3 Nf6 7. Be2 Nbd7 8. Qd2 a6 9. 0-0-0 b5 10. f3 Qc7 11. Bh6 Bxh6 12. Qxh6 Bb7 13. Kb1 Ne5 14. f4 Nc4 15. Bxc4 Qxc4 16. e5 Ng4 17. Qh4 Ne3 18. exd6 0-0 19. dxe7 Rfe8 20. Rd2 b4 21. Na4 Qc7 22. f5 Qxe7 23. f6 Qf8 24. Qh3 Nc4 25. Rdd1 Re3 26. Qd7 Bxg2 27. Rhg1 Bh3 28. Qd5 Ne5 29. b3 Rd8 30. Qa5 Bc8 31. Qxd8 Qxd8 32. Ne6 Qxf6 33. Rd8+ Qxd8 34. Nxd8 Re2 35. c4 bxc3 36. Nxc3 Rd2 37. Re1 f6 38. Nc6 Bf5+ 39. Ne4 Nxc6 40. Kc1 Rxa2 41. Nxf6+ Kg7 42. Ne8+ Kh6 43. Nc7 Ra1+ 44. Kd2 Rxe1 45. Kxe1 a5 46. Kd2 Kg5 47. Ne8 Kf4 48. Nf6 h5 0-1

[Event "American Continental 10th"]
[Site "Praia da Pipa"]
[Date "2014.10.20"]
[Round "4"]
[White "De Lima, Carlos Alexandre"]
[Black "Mesias Rojas, Rabindranath"]
[Result "0-1"]
[WhiteElo "2094"]
[BlackElo "2209"]
[PlyCount "106"]
[EventDate "2014.10.18"]
[EventType "swiss"]
[EventRounds "11"]
[EventCountry "BRA"]
[SourceTitle "EXT 2015"]
[Source "ChessBase"]
[SourceDate "2014.11.20"]
[SourceVersion "1"]
[SourceVersionDate "2014.11.20"]
[SourceQuality "1"]

1. e4 c5 2. Nf3 d6 3. d4 cxd4 4. Nxd4 Nf6 5. Nc3 g6 6. Be3 Bg7 7. Be2 0-0 8. Qd2 Nc6 9. 0-0-0 d5 10. Kb1 Nxd4 11. Bxd4 dxe4 12. Qe3 Qa5 13. Nxe4 Be6 14. a3 Rfc8 15. Nxf6+ exf6 16. Bf3 Qc7 17. Rd2 Qc4 18. b3 Qc7 19. g4 a5 20. a4 f5 21. Bxg7 Kxg7 22. gxf5 Bxf5 23. Be4 Bxe4 24. Qxe4 Re8 25. Qg4 Rad8 26. Rxd8 Rxd8 27. h4 h5 28. Qe2 Qc5 29. f4 Rd4 30. Rf1 Qf5 31. Qf3 Rb4 32. Qg3 Kh7 33. Qe3 b5 34. axb5 a4 35. Kb2 axb3 36. cxb3 Re4 37. Qd3 Qf6+ 38. Kb1 Qf5 39. Rf3 Re1+ 40. Kc2 Qc5+ 41. Qc3 Qg1 42. Kd3 Rc1 43. Qf6 Qd1+ 44. Ke3 Qxb3+ 45. Kf2 Qc2+ 46. Ke3 Re1+ 47. Kd4 Re4+ 48. Kd5 Qc4+ 49. Kd6 Rd4+ 50. Ke7 Qc7+ 51. Ke8 Re4+ 52. Kf8 Qc8+ 53. Kxf7 Qg8# 0-1

[Event "Joao Pessoa op 5th"]
[Site "Joao Pessoa"]
[Date "2014.03.15"]
[Round "4"]
[White "Lima, Roberto Ferreira Jr"]
[Black "De Lima, Carlos Alexandre"]
[Result "0-1"]
[WhiteElo "2042"]
[BlackElo "2094"]
[PlyCount "102"]
[EventDate "2014.03.14"]
[EventType "swiss"]
[EventRounds "6"]
[EventCountry "BRA"]
[SourceTitle "CBM 159 Extra"]
[Source "ChessBase"]
[SourceDate "2014.04.24"]
[SourceVersion "1"]
[SourceVersionDate "2014.04.24"]
[SourceQuality "1"]

1. e4 d6 2. d4 Nf6 3. Nd2 c6 4. Bd3 e5 5. c3 Be7 6. Ngf3 Bg4 7. 0-0 0-0 8. Qc2 Nbd7 9. Re1 Bh5 10. Nf1 Bxf3 11. gxf3 Rc8 12. Ng3 Re8 13. Kh1 Qa5 14. Rg1 g6 15. f4 exf4 16. Bxf4 Nh5 17. Be3 Nhf6 18. f3 Bf8 19. Qg2 Bg7 20. Qh3 Nf8 21. Rg2 Qc7 22. Rag1 Kh8 23. Bh6 Ne6 24. Bc1 Qd7 25. f4 c5 26. d5 Nf8 27. Qh4 Qg4 28. Qxg4 Nxg4 29. h3 Nf6 30. c4 h5 31. Re1 N8d7 32. Rge2 h4 33. Nf1 Nh5 34. Kg2 a6 35. Kf3 b5 36. b3 b4 37. Bb2 g5 38. Bxg7+ Kxg7 39. Rg2 f6 40. fxg5 Ne5+ 41. Ke3 Nxd3 42. gxf6+ Kxf6 43. Rd1 Ne5 44. Nh2 Rg8 45. Ng4+ Nxg4+ 46. hxg4 Ng3 47. Kf4 Rce8 48. e5+ dxe5+ 49. Ke3 Rxg4 50. Rf2+ Nf5+ 51. Ke2 Re4+ 0-1

[Event "Joao Pessoa op 4th"]
[Site "Joao Pessoa"]
[Date "2013.03.16"]
[Round "3"]
[White "De Lima, Carlos Alexandre"]
[Black "Barbosa, Cidclei de Oliveira"]
[Result "1-0"]
[WhiteElo "2098"]
[BlackElo "1815"]
[PlyCount "59"]
[EventDate "2013.03.15"]
[EventType "swiss"]
[EventRounds "6"]
[EventCountry "BRA"]
[SourceTitle "CBM 153 Extra"]
[Source "ChessBase"]
[SourceDate "2013.04.22"]
[SourceVersion "1"]
[SourceVersionDate "2013.04.22"]
[SourceQuality "1"]

1. e4 c5 2. Nf3 d6 3. d4 cxd4 4. Nxd4 Nf6 5. Nc3 a6 6. Bg5 e6 7. f4 Be7 8. Qf3 0-0 9. 0-0-0 Nc6 10. e5 Nd7 11. Nxc6 bxc6 12. Bxe7 Qxe7 13. exd6 Qf6 14. g4 Bb7 15. g5 Qd8 16. h4 Qb6 17. Bd3 Rab8 18. b3 f5 19. gxf6 Rxf6 20. Ne4 Rff8 21. Rhg1 Ne5 22. Qg3 Nxd3+ 23. Rxd3 Rf7 24. Ng5 Rbf8 25. Nxe6 Bc8 26. Nxf8 Kxf8 27. Re1 Qc5 28. Qe3 Qxe3+ 29. Rdxe3 Bd7 30. Re7 1-0

[Event "Serra Talhada op"]
[Site "Serra Talhada"]
[Date "2012.11.17"]
[Round "6"]
[White "De Sousa, Marcelo Junio Vicen"]
[Black "De Lima, Carlos Alexandre"]
[Result "0-1"]
[WhiteElo "1742"]
[BlackElo "2101"]
[PlyCount "154"]
[EventDate "2012.11.15"]
[EventType "swiss"]
[EventRounds "7"]
[EventCountry "BRA"]
[SourceTitle "CBM 151 Extra"]
[Source "ChessBase"]
[SourceDate "2012.12.18"]
[SourceVersion "1"]
[SourceVersionDate "2012.12.18"]
[SourceQuality "1"]

1. d4 d5 2. Nf3 Nf6 3. c4 e6 4. Nc3 Be7 5. Bf4 0-0 6. e3 c6 7. Bd3 Nbd7 8. 0-0 Nh5 9. Bg3 Nxg3 10. hxg3 Bf6 11. cxd5 exd5 12. Kh2 Re8 13. Rh1 Nf8 14. Kg1 g6 15. Rc1 Bg7 16. a4 Bg4 17. Be2 Qb6 18. Qd2 Nd7 19. Ng5 Bxe2 20. Nxe2 Nf6 21. Nc3 Bf8 22. Qe2 h6 23. Nf3 a6 24. Ne5 c5 25. Qf3 Rad8 26. dxc5 Bxc5 27. a5 Qe6 28. Nd3 Bf8 29. Nf4 Qe5 30. Rd1 d4 31. exd4 Rxd4 32. Rxd4 Qxd4 33. Nfe2 Qe5 34. Rh4 Bg7 35. Qxb7 Qxa5 36. Ra4 Qh5 37. Rh4 Qa5 38. f3 Nh5 39. Qc6 Rxe2 40. Nxe2 Qe1+ 41. Kh2 Qxe2 42. Re4 Qf2 43. Qe8+ Kh7 44. Qxf7 Qxg3+ 45. Kg1 Qd6 46. Re8 Qd4+ 47. Kh2 Qh4+ 48. Kg1 Qd4+ 49. Kh2 Qf4+ 50. Qxf4 Nxf4 51. b3 a5 52. Kg3 Nh5+ 53. Kf2 Bc3 54. Ke3 Bb4 55. Kd4 Nf4 56. g4 Kg7 57. Kc4 Kf6 58. Re4 Kg5 59. Kd4 Ng2 60. Re2 Nf4 61. Re4 Bd2 62. Re5+ Kh4 63. Ke4 Kg3 64. Rc5 h5 65. gxh5 gxh5 66. Rg5+ Kf2 67. Rd5 Ke2 68. Rxd2+ Kxd2 69. Kxf4 h4 70. Kg4 Ke3 71. f4 h3 72. Kxh3 Kxf4 73. Kg2 Ke3 74. Kf1 Kd3 75. Ke1 Kc2 76. Ke2 Kxb3 77. Kd2 Kb2 0-1

[Event "Recife Arraes Memorial 4th"]
[Site "Recife"]
[Date "2011.06.05"]
[Round "7"]
[White "De Lima, Carlos Alexandre"]
[Black "De Andrade, Dalson Holanda Cav"]
[Result "1-0"]
[WhiteElo "2086"]
[BlackElo "1955"]
[PlyCount "49"]
[EventDate "2011.06.02"]
[EventType "swiss"]
[EventRounds "7"]
[EventCountry "BRA"]
[SourceTitle "EXT 2012"]
[Source "ChessBase"]
[SourceDate "2011.11.24"]
[SourceVersion "1"]
[SourceVersionDate "2011.11.24"]
[SourceQuality "1"]

1. e4 e5 2. f4 d5 3. Nf3 exf4 4. exd5 Nf6 5. Bb5+ Bd7 6. Bxd7+ Qxd7 7. c4 Bc5 8. d4 Bb4+ 9. Nc3 Bxc3+ 10. bxc3 0-0 11. 0-0 c6 12. dxc6 Qxc6 13. Ne5 Qe6 14. Bxf4 Nbd7 15. c5 Nxe5 16. Bxe5 Nd5 17. Qf3 f6 18. Bd6 Rfe8 19. Rae1 Qf7 20. c4 Nb4 21. Qb3 Nc6 22. d5 Nd4 23. Qd3 Nc6 24. dxc6 bxc6 25. Qf3 1-0